LDR 00950naa#a2200205#i#450# 001 RU\\bibl\121412 005 20260514124151.4 011 ## _a1994-4683 100 ## _a20230531b2023####ek#y0rusy0150####ca 102 ## _aRU 200 1# _aОПЫТ ПРИМЕНЕНИЯ ФУНКЦИОНАЛЬНОЙ ПРОБЫ ПРИ ДОПУСКЕ К СДАЧИ НОРМАТИВОВ КОМПЛЕКСА ГТО _eЖурнальная статья 210 1# _aМосква _cНациональный государственный Университет физической культуры, спорта и здоровья им. П.Ф. Лесгафта _d2023 215 ## _a4 с. 608 ## _aЖурнальная статья _2local 675 ## _aФизические упражнения. 796.012.6 _z 700 #1 _aДоронцев _gА В 700 #1 _aПорубайко _gЛ Н 700 #1 _aЕрмолина _gН В 700 #1 _aЗинчук _gН А 856 4# _auchzapiski.lesgaft.spb.ru _u